000 00399nam a2200133Ia 4500
008 100328s9999 xx 000 0 und d
082 _b30709
100 _aवरेरकर भार्गवराम विठ्ठल
245 _aएकांकीका
260 _bपॉप्युलर
630 _aएकांकीका
730 _aएकांकीका
942 _cBOOK
999 _c521675
_d521672